|
|
|
|
| LEADER |
00000naa2a2200000 4500 |
| 001 |
136086 |
| 005 |
20231031140322.0 |
| 035 |
|
|
|a (RuTPU)RU\TPU\book\147478
|
| 090 |
|
|
|a 136086
|
| 100 |
|
|
|a 20080418d2007 k y0rusy50 ca
|
| 101 |
0 |
|
|a rus
|
| 102 |
|
|
|a RU
|
| 200 |
1 |
|
|a Обеспечение социальных прав человека как основная гарантия формирования экономической основы для достижения социального благосостояния
|f Э. Ю. Балаян
|
| 320 |
|
|
|a Библиогр.: 7 назв.
|
| 463 |
|
0 |
|0 (RuTPU)RU\TPU\book\136479
|t Инновационные технологии и экономика в машиностроении
|o V Всероссийская научно-практическая конференция с международным участием, г. Юрга 14-15 сентября 2007 г.
|o труды
|f Томский политехнический университет (ТПУ) ; Юргинский технологический институт (филиал) ; под ред. Д. А. Чинахова
|v С. 552-556
|d 2007
|p 558 с.
|
| 610 |
1 |
|
|a благосостояние
|
| 610 |
1 |
|
|a права человека
|
| 610 |
1 |
|
|a социальные права
|
| 610 |
1 |
|
|a экономика
|
| 610 |
1 |
|
|a Германия
|
| 610 |
1 |
|
|a Международный Пакт
|
| 610 |
1 |
|
|a государство
|
| 610 |
1 |
|
|a труды учёных ТПУ
|
| 700 |
|
1 |
|a Балаян
|b Э. Ю.
|
| 801 |
|
1 |
|a RU
|b 63413507
|c 20080418
|g PSBO
|
| 942 |
|
|
|c BK
|